| 000 | 00879nam a2200229Ii 4500 | ||
|---|---|---|---|
| 003 | JO-AjNU | ||
| 008 | 230605s9999||||xx |||||||||||||| ||und|| | ||
| 017 | _a2009/2/644 | ||
| 020 | _a978-9957-33-179-5 | ||
| 040 |
_aJO-AjNU _bara _erda _cJO-AjNU |
||
| 041 | _aara | ||
| 050 | 1 | 4 | _aT58.6.M847 2009 |
| 100 | 3 |
_aتأليف محسن،صباح رحيمة/ م مشارك:محمد حسن الخفاجي،الشهربلي ،انعام علي نوفيق, _eauthor _927785 |
|
| 245 | 0 | 0 | _aنظم المعلومات الحاسوبية وتطبيقات في قواعد بياناتها |
| 250 | _aط1 | ||
| 264 | 3 | 1 | _aعمان:مؤسسة الوراق،2009 |
| 300 | _a298ص | ||
| 336 |
_atext _btxt _2rdacontent |
||
| 337 |
_aunmediated _bn _2rdamedia |
||
| 338 |
_avolume _bnc _2rdacarrier |
||
| 650 | 4 |
_aنظم المعلومات المحوسبة-قواعدالبيانات _927786 |
|
| 999 |
_aA10699 _c14267 _d14267 |
||